EFFECTS OF DIFFERENT DRIP IRRIGATION REGIMES ON THE GROWTHAND TIELD OF LEAF MUSTARD, ឥទ្ធិពលនៃការស្រោចស្រពដោយប្រើបរិមាណទឹកខុសៗគ្នា​តាមរយៈប្រព័ន្ធដំណាក់ទឹកទៅលើការលូតលាស់និងទិន្នផលទៅលើការលូតលាស់ស្ពៃខ្មៅ (Record no. 19860)

000 -LEADER
fixed length control field 00806nam a22001577a 4500
003 - CONTROL NUMBER IDENTIFIER
control field LRUA
005 - DATE AND TIME OF LATEST TRANSACTION
control field 20220104135551.0
008 - FIXED-LENGTH DATA ELEMENTS--GENERAL INFORMATION
fixed length control field 220104b xxu||||| |||| 00| 0 eng d
040 ## - CATALOGING SOURCE
Transcribing agency RUA
082 ## - DEWEY DECIMAL CLASSIFICATION NUMBER
Edition number AGE ORR 2019 B660 Or.
100 ## - MAIN ENTRY--PERSONAL NAME
9 (RLIN) 14811
Personal name OR RY ,អោ រី
245 ## - TITLE STATEMENT
Title EFFECTS OF DIFFERENT DRIP IRRIGATION REGIMES ON THE GROWTHAND TIELD OF LEAF MUSTARD, ឥទ្ធិពលនៃការស្រោចស្រពដោយប្រើបរិមាណទឹកខុសៗគ្នា​តាមរយៈប្រព័ន្ធដំណាក់ទឹកទៅលើការលូតលាស់និងទិន្នផលទៅលើការលូតលាស់ស្ពៃខ្មៅ
260 ## - PUBLICATION, DISTRIBUTION, ETC. (IMPRINT)
Place of publication, distribution, etc. PHNOM PENH
Name of publisher, distributor, etc. RUA
Date of publication, distribution, etc. 2019
300 ## - PHYSICAL DESCRIPTION
Extent ix,49p,
Other physical details ill.
Dimensions 29cm.
942 ## - ADDED ENTRY ELEMENTS (KOHA)
Source of classification or shelving scheme
Koha item type AGE
Holdings
Price effective from Date last seen Permanent Location Not for loan Date acquired Source of classification or shelving scheme Koha item type Lost status Withdrawn status Date last checked out Total Checkouts Shelving location Damaged status Barcode Current Location Full call number
2022-01-042023-12-25Library Block B 2022-01-04 AGE  2023-11-222B660 A068000Library Block BAGE ORR 2019 B660 Or.
2022-01-042024-01-24Library Block B 2022-01-04 AGE  2024-01-051B660 A067972Library Block BAGE ORR 2019 B660 Or.
2022-01-042022-01-04Library Block B 2022-01-04 AGE    B660 A068004Library Block BAGE ORR 2019 B660 Or.
2022-01-042024-06-01Library Block B 2022-01-04 AGE  2024-05-061B660 A068008Library Block BAGE ORR 2019 B660 Or.
2022-01-042022-01-04Library Block B 2022-01-04 AGE    B660 A068012Library Block BAGE ORR 2019 B660 Or.
2022-01-042022-01-04Library Block B 2022-01-04 AGE    B660 A068016Library Block BAGE ORR 2019 B660 Or.
មជ្ឈមណ្ឌលឯការនៃសាកលវិទ្យាល័យភូមិន្ទកសិកម្មចំការដូង

Powered by Koha